[Event "IBCA Wch blind 14th"]
[Site "Cagliari"]
[Date "2019.04.14"]
[Round "9"]
[White "Pugliese, Giuseppe"]
[Black "Johansson, Tage"]
[Result "1/2-1/2"]
[WhiteElo "1648"]
[BlackElo "1749"]
[PlyCount "44"]
[EventDate "2019.04.06"]
[EventType "swiss"]
[EventRounds "9"]
[EventCountry "ITA"]
[SourceTitle "CBM 189 Extra"]
[Source "ChessBase"]
[SourceDate "2019.06.03"]
[SourceVersion "1"]
[SourceVersionDate "2019.06.03"]
[SourceQuality "1"]

1. e4 e5 2. Nf3 d6 3. d4 exd4 4. Nxd4 Nf6 5. Nc3 Be7 6. Be2 0-0 7. 0-0 a6 8. a4 c5 9. Nf5 Nxe4 10. Nxe7+ Qxe7 11. Nd5 Qd8 12. f3 Nf6 13. Bg5 Be6 14. Nxf6+ gxf6 15. Bh4 Nc6 16. Qd2 Ne5 17. Qh6 Ng6 18. Bd3 d5 19. Rae1 c4 20. Bxg6 hxg6 21. Rxe6 fxe6 22. Qxg6+ Kh8 1/2-1/2

[Event "IBCA Wch blind 14th"]
[Site "Cagliari"]
[Date "2019.04.12"]
[Round "7"]
[White "Bindzus, Ernst"]
[Black "Johansson, Tage"]
[Result "1-0"]
[WhiteElo "1985"]
[BlackElo "1749"]
[PlyCount "47"]
[EventDate "2019.04.06"]
[EventType "swiss"]
[EventRounds "9"]
[EventCountry "ITA"]
[SourceTitle "CBM 189 Extra"]
[Source "ChessBase"]
[SourceDate "2019.06.03"]
[SourceVersion "1"]
[SourceVersionDate "2019.06.03"]
[SourceQuality "1"]

1. e4 e5 2. Nf3 Nf6 3. Nxe5 Nxe4 4. d4 d6 5. Nf3 d5 6. Bd3 Bd6 7. 0-0 0-0 8. c4 c6 9. Nc3 Nxc3 10. bxc3 Nd7 11. Bg5 Nf6 12. cxd5 cxd5 13. Ne5 Be6 14. f4 h6 15. Bh4 Be7 16. Qe2 Nd7 17. Bxe7 Qxe7 18. Nxd7 Qxd7 19. f5 Rae8 20. fxe6 Rxe6 21. Qg4 Qc7 22. Rac1 Rc6 23. Qf5 g6 24. Qxd5 1-0

[Event "IBCA Wch Blind and Visually imp U22"]
[Site "Solec Zdroj"]
[Date "2018.08.21"]
[Round "7.5"]
[White "Johansson, Tage"]
[Black "Garanin, Danil"]
[Result "1/2-1/2"]
[WhiteElo "1729"]
[BlackElo "1565"]
[PlyCount "81"]
[EventDate "2018.08.14"]
[EventType "swiss"]
[EventRounds "9"]
[EventCountry "POL"]
[SourceTitle "EXT 2024"]
[Source "ChessBase"]
[SourceDate "2023.10.10"]
[SourceVersion "1"]
[SourceVersionDate "2023.10.10"]
[SourceQuality "1"]

1. e4 g6 2. f4 Bg7 3. Nf3 d6 4. Be2 Nd7 5. 0-0 e5 6. fxe5 Nxe5 7. d4 Nxf3+ 8. Bxf3 Ne7 9. c3 0-0 10. Bg5 h6 11. Be3 f5 12. exf5 Nxf5 13. Bf2 c6 14. Be2 Re8 15. Nd2 d5 16. Bd3 Qg5 17. Nf3 Qf4 18. Qd2 Qxd2 19. Nxd2 g5 20. Rae1 Bd7 21. Nf3 Nd6 22. Ne5 Bf5 23. Bg3 Bxe5 24. Bxf5 Bxg3 25. Be6+ Kg7 26. hxg3 Ne4 27. Bd7 Rf8 28. g4 Rad8 29. Bf5 Nd6 30. Re7+ Rf7 31. Rxf7+ Kxf7 32. Bd3+ Ke7 33. Re1+ Kd7 34. Bf5+ Nxf5 35. gxf5 h5 36. Kf2 Kc7 37. Re5 Rf8 38. a4 Kd6 39. b3 c5 40. Ke3 b6 41. c4 1/2-1/2

[Event "IBCA Wch Blind and Visually imp U22"]
[Site "Solec Zdroj"]
[Date "2018.08.17"]
[Round "4.6"]
[White "Spionkowski, Fabian"]
[Black "Johansson, Tage"]
[Result "1-0"]
[WhiteElo "1279"]
[BlackElo "1729"]
[PlyCount "37"]
[EventDate "2018.08.14"]
[EventType "swiss"]
[EventRounds "9"]
[EventCountry "POL"]
[SourceTitle "EXT 2024"]
[Source "ChessBase"]
[SourceDate "2023.10.10"]
[SourceVersion "1"]
[SourceVersionDate "2023.10.10"]
[SourceQuality "1"]

1. e4 e5 2. Nf3 Nc6 3. Bc4 Nf6 4. Ng5 d5 5. exd5 Na5 6. Bb5+ c6 7. dxc6 bxc6 8. Ba4 Bc5 9. 0-0 Bg4 10. Qe1 Qd4 11. Nc3 0-0 12. a3 Bb6 13. b4 Nd5 14. bxa5 Nxc3 15. dxc3 Qxa4 16. axb6 Qxc2 17. Qxe5 f6 18. Qe4 Qxc3 19. Qxh7# 1-0

[Event "IBCA Wch Blind and Visually imp U22"]
[Site "Solec Zdroj"]
[Date "2018.08.15"]
[Round "2.4"]
[White "Ermakov, Maksim"]
[Black "Johansson, Tage"]
[Result "1-0"]
[WhiteElo "1583"]
[BlackElo "1729"]
[PlyCount "86"]
[EventDate "2018.08.14"]
[EventType "swiss"]
[EventRounds "9"]
[EventCountry "POL"]
[SourceTitle "EXT 2024"]
[Source "ChessBase"]
[SourceDate "2023.10.10"]
[SourceVersion "1"]
[SourceVersionDate "2023.10.10"]
[SourceQuality "1"]

1. d4 d5 2. Nf3 Nc6 3. e3 Nf6 4. b3 Bg4 5. Bb2 e6 6. h3 Bh5 7. Nbd2 Bd6 8. Be2 0-0 9. c4 Bxf3 10. Bxf3 e5 11. cxd5 Nb4 12. Ne4 Nxe4 13. Bxe4 f5 14. Bd3 Nxd3+ 15. Qxd3 e4 16. Qc4 Kh8 17. 0-0-0 Rc8 18. Kb1 Qd7 19. Rc1 a5 20. a4 Bb4 21. Bc3 c5 22. Bxb4 cxb4 23. Qb5 Qxb5 24. axb5 Rfd8 25. b6 Rb8 26. Rc5 Kg8 27. Rxa5 Rd6 28. Rb5 Rc8 29. Rxb4 Rxd5 30. Rc1 Rcd8 31. Ra4 Kf8 32. Rc7 R5d7 33. Rac4 Ke7 34. Rxd7+ Rxd7 35. Rc7 Rxc7 36. bxc7 Kd7 37. Kc2 Kxc7 38. Kc3 b5 39. d5 Kd6 40. Kd4 g6 41. h4 h6 42. g3 b4 43. Kc4 Kc7 1-0

[Event "IBCA-ol blind 15th"]
[Site "Ohrid"]
[Date "2017.06.28"]
[Round "9.2"]
[White "Lucas, Melvyn Andre"]
[Black "Johansson, Tage"]
[Result "0-1"]
[WhiteElo "1622"]
[BlackElo "1885"]
[PlyCount "70"]
[EventDate "2017.06.19"]
[EventType "team-swiss"]
[EventRounds "9"]
[EventCountry "MKD"]
[SourceTitle "CBM 179 Extra"]
[Source "ChessBase"]
[SourceDate "2017.08.23"]
[SourceVersion "1"]
[SourceVersionDate "2017.08.23"]
[SourceQuality "1"]
[WhiteTeam "South Africa"]
[BlackTeam "Sweden"]
[WhiteTeamCountry "RSA"]
[BlackTeamCountry "SWE"]

1. d4 g6 2. Bf4 Bg7 3. Nf3 c5 4. c3 cxd4 5. cxd4 Nc6 6. e3 Qb6 7. Qd2 Nf6 8. Nc3 d6 9. Be2 Bf5 10. a3 0-0 11. 0-0 Na5 12. Na4 Qd8 13. Qb4 Nd5 14. Qb5 Nxf4 15. exf4 Bd7 16. Qb4 Nc6 17. Qc4 b5 18. Qxb5 Nxd4 19. Qd3 Nxe2+ 20. Qxe2 Bxa4 21. Rac1 e6 22. h4 Rb8 23. Qd2 Bxb2 24. Rb1 Bg7 25. g4 d5 26. f5 e5 27. Rxb8 Qxb8 28. Qxd5 Rd8 29. Qe4 Qb3 30. fxg6 hxg6 31. h5 gxh5 32. Nxe5 Re8 33. f4 f6 34. Qg6 fxe5 35. gxh5 Qb6+ 0-1

[Event "IBCA-ol blind 15th"]
[Site "Ohrid"]
[Date "2017.06.26"]
[Round "7.2"]
[White "Johansson, Tage"]
[Black "Grybas, Gintaras"]
[Result "0-1"]
[WhiteElo "1885"]
[BlackElo "2028"]
[PlyCount "58"]
[EventDate "2017.06.19"]
[EventType "team-swiss"]
[EventRounds "9"]
[EventCountry "MKD"]
[SourceTitle "CBM 179 Extra"]
[Source "ChessBase"]
[SourceDate "2017.08.23"]
[SourceVersion "1"]
[SourceVersionDate "2017.08.23"]
[SourceQuality "1"]
[WhiteTeam "Sweden"]
[BlackTeam "Lithuania"]
[WhiteTeamCountry "SWE"]
[BlackTeamCountry "LTU"]

1. d4 d5 2. Bf4 Nf6 3. e3 c5 4. c3 Qb6 5. Qb3 c4 6. Qc2 g6 7. Nd2 Bf5 8. Qc1 Nc6 9. Ngf3 Rc8 10. Be2 h6 11. h4 Bg7 12. Ne5 h5 13. 0-0 Ne4 14. Bd1 Nxd2 15. Qxd2 Nxe5 16. Bxe5 f6 17. Bh2 0-0 18. b3 Bd3 19. Re1 e5 20. b4 Qe6 21. Bc2 e4 22. a4 Bh6 23. Bd1 Qf5 24. Rc1 g5 25. hxg5 fxg5 26. f3 exf3 27. Bxf3 g4 28. Be2 Qf2+ 29. Kh1 Bxe3 0-1

[Event "IBCA-ol blind 15th"]
[Site "Ohrid"]
[Date "2017.06.25"]
[Round "6.2"]
[White "Capanov, Mile"]
[Black "Johansson, Tage"]
[Result "0-1"]
[WhiteElo "1993"]
[BlackElo "1885"]
[PlyCount "98"]
[EventDate "2017.06.19"]
[EventType "team-swiss"]
[EventRounds "9"]
[EventCountry "MKD"]
[SourceTitle "CBM 179 Extra"]
[Source "ChessBase"]
[SourceDate "2017.08.23"]
[SourceVersion "1"]
[SourceVersionDate "2017.08.23"]
[SourceQuality "1"]
[WhiteTeam "Macedonia"]
[BlackTeam "Sweden"]
[WhiteTeamCountry "MKD"]
[BlackTeamCountry "SWE"]

1. e4 c5 2. d4 g6 3. Nc3 Bg7 4. Be3 Qa5 5. Nge2 cxd4 6. Nxd4 Nf6 7. f3 Nc6 8. Nb3 Qc7 9. Qd2 d6 10. 0-0-0 0-0 11. g4 Be6 12. Nd5 Bxd5 13. exd5 Ne5 14. Be2 a5 15. Kb1 a4 16. Nc1 Rfc8 17. g5 Nfd7 18. h4 b5 19. h5 Nc4 20. Bxc4 Qxc4 21. hxg6 fxg6 22. Qd3 Qxd3 23. Nxd3 Ne5 24. Nxe5 Bxe5 25. f4 Bg7 26. Bd4 Rc4 27. Bxg7 Kxg7 28. Rde1 Re8 29. Rhf1 Rd4 30. f5 gxf5 31. Rxf5 Kg6 32. Ref1 Rg4 33. R5f2 Rxg5 34. Rd2 h5 35. b3 axb3 36. axb3 h4 37. Re1 Rg4 38. Re6+ Kg5 39. Kb2 Rg3 40. c4 bxc4 41. bxc4 h3 42. Ree2 Rh8 43. Rh2 Kh4 44. Rd4+ Rg4 45. Rdd2 Rhg8 46. Kc3 Rg2 47. Rdxg2 Rxg2 48. Rh1 Kg3 49. c5 dxc5 0-1

[Event "IBCA-ol blind 15th"]
[Site "Ohrid"]
[Date "2017.06.23"]
[Round "5.2"]
[White "Nielsen, Henning"]
[Black "Johansson, Tage"]
[Result "1-0"]
[WhiteElo "1793"]
[BlackElo "1885"]
[PlyCount "79"]
[EventDate "2017.06.19"]
[EventType "team-swiss"]
[EventRounds "9"]
[EventCountry "MKD"]
[SourceTitle "CBM 179 Extra"]
[Source "ChessBase"]
[SourceDate "2017.08.23"]
[SourceVersion "1"]
[SourceVersionDate "2017.08.23"]
[SourceQuality "1"]
[WhiteTeam "Denmark"]
[BlackTeam "Sweden"]
[WhiteTeamCountry "DEN"]
[BlackTeamCountry "SWE"]

1. e4 d6 2. d4 Nf6 3. Bd3 Nbd7 4. Nf3 e5 5. c3 Be7 6. Nbd2 0-0 7. 0-0 c6 8. Nc4 Qc7 9. Re1 b5 10. Ne3 a5 11. Nf5 Re8 12. Nxe7+ Rxe7 13. Bg5 h6 14. Bh4 Re8 15. h3 g5 16. Bg3 Nf8 17. Qd2 Ng6 18. h4 g4 19. Nh2 Nh5 20. Nf1 Ngf4 21. Bc2 Qe7 22. Rad1 Qf6 23. dxe5 dxe5 24. Re3 Ba6 25. b3 Red8 26. Qe1 Rxd1 27. Qxd1 Qe6 28. Nh2 Nf6 29. f3 gxf3 30. Rxf3 Ng6 31. Rf5 h5 32. Nf3 Re8 33. Qd2 Kg7 34. Qg5 Bc8 35. Rxe5 Qd7 36. Rxe8 Qxe8 37. e5 Ng4 38. Qxh5 Ne3 39. Be4 Nd1 40. Qg5 1-0